Česká mše vánoční : komorní verze = Czech Christmas Mass : chamber version /

Hlavní autor: Ryba, Jakub Jan, 1765-1815
Další autoři: Spurný, Vojtěch, 1964-
Jazyk: Čeština
Vydáno: Praha : Český rozhlas, 2018
Vydání: 1. vydání
Témata:
Fyzický popis: 1 partitura (vi, 178 stran) + 17 hlasů ; 29 cm + 1 list přílohy
Language note: Podloženo česky
Hudebniny Hudebniny
Uloženo v:
LEADER 02516ncm a2200661 i 4500
001 nkc20193116400
003 CZ PrNK
005 20190911162404.0
007 qu
008 190724t20182018xr msadg nn c cze
015 |a cnb003116400 
024 2 |a 979-0-66061-424-2  |q (brožováno) 
028 2 1 |a R 400  |b Český rozhlas 
040 |a ABA001  |b cze  |e rda 
041 0 |g cze  |g eng 
043 |a e-xr--- 
045 |a v-v- 
048 |b va01  |b vc01  |b vd01  |b vf01  |a ca01  |a ob01 
072 7 |a 783  |x Církevní hudba. Duchovní hudba. Náboženská hudba  |2 Konspekt  |9 9 
080 |a 783.23.088  |2 MRF 
080 |a 783  |2 MRF 
080 |a 783.23  |2 MRF 
080 |a 78.088  |2 MRF 
080 |a 78.089.6.087  |2 MRF 
100 1 |a Ryba, Jakub Jan,  |d 1765-1815  |7 jk01103232  |4 cmp 
240 1 0 |a Hej mistře;  |o aranžmá  |7 aun2014810546 
245 1 0 |a Česká mše vánoční :  |b komorní verze = Czech Christmas Mass : chamber version /  |c Jakub Jan Ryba ; editor Vojtěch Spurný 
246 3 1 |a Czech Christmas Mass 
250 |a 1. vydání 
264 1 |a Praha :  |b Český rozhlas,  |c 2018 
264 4 |c ©2018 
300 |a 1 partitura (vi, 178 stran) + 17 hlasů ;  |c 29 cm +  |e 1 list přílohy 
336 |a zápis hudby  |b ntm  |2 rdacontent 
337 |a bez média  |b n  |2 rdamedia 
338 |a svazek  |b nc  |2 rdacarrier 
382 0 1 |a soprán  |n 1  |a alt  |n 1  |a tenor  |n 1  |a bas  |n 1  |a smíšený sbor  |a komorní orchestr 
500 |a Průvodní text česky a anglicky 
546 |a Podloženo česky 
648 7 |a 18. století  |7 ch460556  |2 czenas 
650 0 7 |a duchovní hudba  |7 ph114372  |z Česko  |y 18. století  |2 czenas 
650 0 7 |a vánoční mše, úpravy  |7 ph315293  |2 czenas 
650 0 9 |a sacred music  |z Czechia  |y 18th century  |2 eczenas 
650 0 9 |a Christmas mass, arrangement  |2 eczenas 
655 7 |a duchovní hudba  |7 fd979823  |2 czenas 
655 7 |a vánoční mše  |7 fd1024849  |2 czenas 
655 7 |a aranžmá (hudba)  |7 fd980034  |2 czenas 
655 7 |a partitury a hlasy  |7 fd186702  |2 czenas 
655 9 |a sacred music  |2 eczenas 
655 9 |a Christmas mass  |2 eczenas 
655 9 |a arrangement (music)  |2 eczenas 
655 9 |a scores and parts  |2 eczenas 
700 1 |a Spurný, Vojtěch,  |d 1964-  |7 jn19990209790  |4 edt 
910 2 |a BOA001  |b Mus4-1430.948 
990 |a MU 
995 |a 01 
991 |b 201909  |c NOV 
996 6 |b 2610791734  |c Mus4-1430.948  |l MZK  |r Sklad / do 1 hodiny  |n 1  |p p.v.  |w 001748219  |u 000010  |a 1  |e BOA001  |j MZK50  |s P 
996 7 |b 2610793568  |c Mus4-1430.948  |l MZK  |r Sklad / do 1 hodiny  |n 3  |p kup  |w 001748219  |u 000020  |a 1  |e BOA001  |j MZK50  |s A